Statistics for Top 10 Irish PL scorers

Click here to take the quiz!

General Stats

  • This quiz has been taken 32 times
  • The average score is 5 of 10

Answer Stats

HintAnswer% Correct
39 | 126Keane
100%
46Long
72%
54Duff
64%
59Quinn
52%
37Doyle
44%
43Walters
40%
28Harte
20%
21Hunt
12%
23Delap
8%

Score Distribution

Percentile by Number Answered

Percent of People with Each Score

Your Score History

You have not taken this quiz